000 00755nam a22002057a 4500
999 _c13989
_d13989
003 AR-CdUCM
008 190417b ||||| |||| 00| 0 spa d
040 _aMUNICIPALIDAD PROVINCIAL DEL CUSCO
_cBIBLIOTECA MUNICIPAL DEL CUSCO
082 _a463 /
_bD17
100 _aDaudí, León
_932642
245 _aProntuario del lenguaje y estilo /
260 _aEspaña :
_bZeus,
_c1963.
300 _a918 páginas ;
_c15 cm.
505 _aContenido : Tesis de la gramatical el uso y la costumbre -- El diccionario y su autoridad -- El purismo. Los neologismos y la formación del idioma -- Figuras y vicios ...
650 _aDiccionario
_95196
650 _aGramática
_99175
650 _aEspañola
_924066
942 _2ddc
_cLIBROS
945 _arah
_d17/04/2019